ბათუმის შოთა რუსთაველის სახელმწიფო უნივერსიტეტის ბიბლიოთეკა

Учебное пособие по практическому курсу русского языка для студентов политехнического института. (ბიბ.ჩანაწერი № 41289)

000 -LEADER
fixed length control field 00843nam a2200205Ia 4500
001 - CONTROL NUMBER
control field 7946
003 - CONTROL NUMBER IDENTIFIER
control field GE_BSU
008 - FIXED-LENGTH DATA ELEMENTS--GENERAL INFORMATION
fixed length control field 181216s||||||||xx |||||||||||||| ||und||
040 ## - CATALOGING SOURCE
Transcribing agency GE_BSU
080 ## - UNIVERSAL DECIMAL CLASSIFICATION NUMBER
Universal Decimal Classification number 808.2.161.1(076)
100 ## - MAIN ENTRY--PERSONAL NAME
Personal name Каухчишвили,Л. Варшаломидзе,М.
245 ## - TITLE STATEMENT
Title Учебное пособие по практическому курсу русского языка для студентов политехнического института.
245 ## - TITLE STATEMENT
Statement of responsibility, etc. РЕд. М.Кипиани.
260 ## - PUBLICATION, DISTRIBUTION, ETC.
Place of publication, distribution, etc. Тб.
260 ## - PUBLICATION, DISTRIBUTION, ETC.
Name of publisher, distributor, etc. Ганатлеба.
260 ## - PUBLICATION, DISTRIBUTION, ETC.
Date of publication, distribution, etc. 1978.
300 ## - PHYSICAL DESCRIPTION
Extent 265 стр. 22 см.
653 ## - INDEX TERM--UNCONTROLLED
Uncontrolled term Учебное пособие по практическому курсу русского языка для студентов политехнического института.
942 ## - ADDED ENTRY ELEMENTS (KOHA)
Koha item type წიგნი
ეგზემპლარები
Withdrawn status Lost status Damaged status Not for loan Date acquired Barcode Date last seen Price effective from Koha item type
        2018-12-17 9787 2018-12-17 2018-12-17 წიგნი
        2018-12-17 9788 2018-12-17 2018-12-17 წიგნი
        2018-12-17 9789 2018-12-17 2018-12-17 წიგნი